Probability and statistical inference (Record no. 2336)

000 -LEADER
fixed length control field 00735nam a22002414a 4500
001 - CONTROL NUMBER
control field 2336
003 - CONTROL NUMBER IDENTIFIER
control field BD-DhUET
008 - FIXED-LENGTH DATA ELEMENTS--GENERAL INFORMATION
fixed length control field 080929s2010 njua b 001 0 eng
020 ## - INTERNATIONAL STANDARD BOOK NUMBER
International Standard Book Number 8177585533
040 ## - CATALOGING SOURCE
Original cataloging agency DLC
Transcribing agency DLC
Modifying agency BD-DhUET
082 00 - DEWEY DECIMAL CLASSIFICATION NUMBER
Classification number 519
Item number HOG/2006
100 1# - MAIN ENTRY--PERSONAL NAME
Personal name Hogg, Robert V.
245 10 - TITLE STATEMENT
Title Probability and statistical inference
Statement of responsibility, etc. byRobert V. Hogg, Elliot A. Tanis and Jagan Mohan Rao
250 ## - EDITION STATEMENT
Edition statement 7th ed.
260 ## - PUBLICATION, DISTRIBUTION, ETC. (IMPRINT)
Place of publication, distribution, etc. Delhi
Name of publisher, distributor, etc. Pearson Education
Date of publication, distribution, etc. 2006
300 ## - PHYSICAL DESCRIPTION
Extent xix,729p.
Other physical details ill. ;
Dimensions 26 cm. +
504 ## - BIBLIOGRAPHY, ETC. NOTE
Bibliography, etc Includes bibliographies
650 #0 - SUBJECT ADDED ENTRY--TOPICAL TERM
Topical term or geographic name as entry element Probabilities and statistics
700 1# - ADDED ENTRY--PERSONAL NAME
Personal name Tanis, Elliot A.
700 ## - ADDED ENTRY--PERSONAL NAME
Personal name Rao, Jagan Mohan
942 ## - ADDED ENTRY ELEMENTS (KOHA)
Koha item type General Book
856 41 - ELECTRONIC LOCATION AND ACCESS
Uniform Resource Identifier http://www.loc.gov/catdir/toc/fy0906/2008043025.html
Holdings
Source of classification or shelving scheme Koha date last seen Koha full call number Price effective from Koha date last borrowed Lost status Not for loan Withdrawn status Copy number Piece designation (barcode) Koha item type Koha issues (times borrowed) Koha normalized classification for sorting Shelving location Sublocation or collection (holding branch) Location (home branch) Damaged status Date acquired
 2014-09-22519/HOG/20062014-09-22    1101825General Book 519HOG2006Circulation sectionCentral Library, BUETCentral Library, BUET 2014-09-22
 2020-01-05519/HOG/20062014-09-222019-10-13   2111763General Book2519HOG2006Circulation sectionCentral Library, BUETCentral Library, BUET 2014-09-22
 2016-01-03519 HOG/20062014-11-252015-10-05   3101826General Book1519_000000000000000_HOG2006Circulation sectionCentral Library, BUETCentral Library, BUET 2014-11-25